| 000 | 01213cam a2200313 i 4500 | ||
|---|---|---|---|
| 001 | 12164 | ||
| 003 | Mx-PuUPA | ||
| 005 | 20240926132641.0 | ||
| 008 | 140415s1991 sp ao r 000 0 spa d | ||
| 020 | _a8476156073 | ||
| 040 |
_aMx-PuUPA _bspa _cMx-PuUPA _dMx-PuUPA _erda |
||
| 041 | 1 |
_aspa _heng |
|
| 100 | 1 |
_aFenwick, Elizabeth, _eautor _98449 |
|
| 240 | 1 | 4 |
_aThe Complete book of baby and child medical care. _lEspañol |
| 245 | 1 | 0 |
_aEnfermedades infantiles / _cElizabeth Fenwich ; traductora Cristina Sánchez Sáinz-Trápaga |
| 250 | _aPrimera edición | ||
| 264 | 1 |
_aMadrid : _bMcGraw-Hill Interamericana de España, _c©1991 |
|
| 300 |
_a79 páginas : _bilustraciones, fotografías ; _c29 cm |
||
| 336 |
_atexto _2rdacontent _btxt |
||
| 337 |
_asin medio _2rdamedia _bn |
||
| 338 |
_avolumen _2rdacarrier _bnc |
||
| 650 | 7 |
_2armarc _aNiños _xCuidado e higiene |
|
| 650 | 7 |
_2armarc _aNiños _xEnfermedades |
|
| 700 | 1 |
_aSánchez Sáinz-Trapaga, Cristina, _etraductor |
|
| 765 |
_aFenwick, Elizabeth, _dLondon : Doorling Kindersley Limited, ©1990 _tThe Complete book of baby and child medical care. |
||
| 942 |
_2ddc _cLI _h618 _iF333 |
||
| 999 |
_c12164 _d12164 |
||